सौन्दर्य-रस-आनंदमाला : (Record no. 111450)

MARC details
000 -LEADER
fixed length control field 01242nam a22002657a 4500
005 - DATE AND TIME OF LATEST TRANSACTION
control field 20170124102924.0
010 ## - LIBRARY OF CONGRESS CONTROL NUMBER
LC control number B-080109
020 ## - INTERNATIONAL STANDARD BOOK NUMBER
Terms of availability 200.00
International Standard Book Number 818530971
035 ## - SYSTEM CONTROL NUMBER
System control number B-080109
037 ## - SOURCE OF ACQUISITION
Source of stock number/acquisition Cen Lib/Ret
040 ## - CATALOGING SOURCE
Original cataloging agency DPL
Language of cataloging HN
082 ## - DEWEY DECIMAL CLASSIFICATION NUMBER
Classification number 821.08
Item number भारती
100 ## - MAIN ENTRY--PERSONAL NAME
Personal name भारती, रवीन्द्र
9 (RLIN) 42886
245 ## - TITLE STATEMENT
Title सौन्दर्य-रस-आनंदमाला :
Statement of responsibility, etc रवीन्द्र भारती
Remainder of title नयी कविता का 'ब्रह्मराक्षस' मुक्तिबोध /
246 ## - VARYING FORM OF TITLE
Title proper/short title Saundarye ras anandmala nayi kavita ka brahmarakshas muktibodh
Remainder of title Raveendra Bharti
260 ## - PUBLICATION, DISTRIBUTION, ETC. (IMPRINT)
Name of publisher, distributor, etc अमित प्रकाशन
Place of publication, distribution, etc गाज़ियाबाद
Date of publication, distribution, etc 2003
270 ## - ADDRESS
Address के.बी.-97, कविनगर
City उत्तर प्रदेश
Postal code 201 002
300 ## - PHYSICAL DESCRIPTION
Extent 188पृ. :
Dimensions 20सेमी (सजिल्द)
Other physical details चित्र
500 ## - GENERAL NOTE
General note सन्दर्भ शामिल
650 ## - SUBJECT ADDED ENTRY--TOPICAL TERM
Topical term or geographic name as entry element हिंदी -- कविता
9 (RLIN) 42887
650 ## - SUBJECT ADDED ENTRY--TOPICAL TERM
Topical term or geographic name as entry element हिंदी साहित्य
9 (RLIN) 42888
650 ## - SUBJECT ADDED ENTRY--TOPICAL TERM
Topical term or geographic name as entry element Hindi -- poetry
9 (RLIN) 42889
650 ## - SUBJECT ADDED ENTRY--TOPICAL TERM
Topical term or geographic name as entry element Hindi literature
9 (RLIN) 42890
942 ## - ADDED ENTRY ELEMENTS (KOHA)
Source of classification or shelving scheme Dewey Decimal Classification
Koha item type Hindi Books
Classification part 821.08
Call number suffix भारती
Holdings
Withdrawn status Lost status Damaged status Not for loan Home library Current library Date acquired Source of acquisition Cost, normal purchase price Total Checkouts Full call number Barcode Date last seen Date checked out Copy number Cost, replacement price Price effective from Koha item type
        Central Library Central Library 01/08/2015 Cen Lib/Ret 200.00 4 821.08 भारती B-080109 03/09/2024 22/08/2024 1 200.00 01/08/2015 Hindi Books

© Delhi Public Library
Hit Counter
free hit counter